| 000 | 01677cam a2200325Mc 4500 | ||
|---|---|---|---|
| 001 | ocn939388161 | ||
| 005 | 20181130143945.0 | ||
| 008 | 181130s2015 enka b 001 0 eng d | ||
| 010 | _a 2015008736 | ||
| 020 | _a9780226297569 | ||
| 020 | _z022629756X | ||
| 020 | _a9780226297736 | ||
| 020 | _z022629773X | ||
| 029 | 0 |
_aDKDLA _b820010-katalog:6213035 |
|
| 035 | _a(OCoLC)939388161 | ||
| 040 |
_aCo-BoUCM _bspa _cSaul Niño _dSaul Niño |
||
| 041 | 0 | _aeng | |
| 245 | 0 | 0 |
_aStigma and culture _blast-place anxiety in Black America _cJ. Lorand Matory ; with a foreword by Thomas P. Gibson |
| 260 |
_aChicago _aLondon _bThe University of Chicago Press _c2015 |
||
| 300 |
_axii, 529 páginas _bilustraciones |
||
| 505 | 0 | _aFathers: how shall I see you through my tears? -- The university in black, white, and ambivalence: the hidden curriculum -- Islands are not isolated: schools, scholars, and the political economy of Gullah/Geechee ethnicity -- A complexion or a culture? : debate as identity among African-descended Indians and Louisiana Creoles of color -- Islands of the mind: the mythical anthropology of the Caribbean -- Heaven and hell: American Africans and the image of home -- Conclusion: "through a glass, darkly" | |
| 600 | 1 | 4 |
_aMatory, James Lorand _994727 _xCrítica e interpretación |
| 650 | 7 |
_aProfesores universitarios _922476 |
|
| 650 | 7 |
_aEstigma (Psicología social) _915083 _xAfroamericanos |
|
| 650 | 7 |
_aNegros _xIdentidad racial _920180 |
|
| 650 | 7 |
_aAfroamericanos _xAspectos sociales _97255 |
|
| 700 | 1 |
_aMatory, James Lorand _994727 |
|
| 942 |
_2DEWEY _a5 _cLIBRO _e1 _h305.896073 _mS855c |
||
| 999 |
_c310843 _d310843 |
||